Geordie Shore Trivia - Statistics

General Stats
  • This quiz has been taken 900 times
    810 since last reset
  • The average score is 11 of 14
Answer Stats
Qustion Answer % Correct
Sophie is a big cousin to which member of the house? Marnie
89%
What is Gary's last name? Beadle
86%
Vicky and who got engaged in season 3? Ricci
84%
In what season did Jay and Rebecca leave? Season 3
84%
What was the name of one of Charlotte's fish? Scramble, Egg or Toast
82%
Who says this about Gary and Charlotte? ''They’re like Romeo and Juliet aren’t they.. if Romeo was a twat' Vicky
82%
Both Charlotte and Scott took part in Celebrity Big Brother and Vicky took part in I'm A Celebrity Get Me Out Of Here, but what place did they all come? Winner
82%
Who was the last person to enter the geordie shore house in season 1? Holly
81%
Chloe and which other boy enters the house in season 10? Nathan
81%
Charlotte has released 2 fitness DVD's, name one Hint: "3 Minute ___ Blitz" Belly and Bum
67%
Where did they go to in season 11? Zante, Greece
67%
What was the name of Vicky's boyfriend, that she dumped to get with Ricci? Dan
66%
What is the name of their boss when they're in Mexico? Cancun Chris
54%
Where is Holly originally from? Middlesborough
54%
No matching quizzes found
Score Distribution
Percent of People with Each Score
Percentile by Number Answered
Your Score History
You have not taken this quiz since the last reset